| 000 | 00912nas a2200301 4500 | ||
|---|---|---|---|
| 001 | BR2013008601 | ||
| 003 | BR-BrBNA | ||
| 005 | 20231205123132.0 | ||
| 007 | ta | ||
| 008 | 230509b bl.|||p| |||| 00| 00por d | ||
| 040 |
_aBR-BrBNA _bpor _cBiblioteca Nacional de Agricultura |
||
| 041 | _a(En) | ||
| 072 | _aL73 | ||
| 100 | 1 | _aPereira, E.Z. | |
| 100 | 1 | _aAssumpção, T.C.A. | |
| 100 | 1 | _aGering, A.P. | |
| 100 | 1 | _aGava, F.N. | |
| 100 | 1 | _aOrtiz, E.M.G. | |
| 100 | 1 | _aCamacho, A.A. | |
| 245 | 1 | _aHigh-resolution electrocardiography in the diagnosis of arrhythmogenic right ventricular cardiomyhopathy in Boxer dogs | |
| 650 | _aCÃO | ||
| 650 | _aDIAGNÓSTICO | ||
| 650 | _aELETROCARDIOGRAFIA | ||
| 650 | _aARRITMIA | ||
| 773 | 0 |
_tCiência Rural (Brazil) _xISSN 0103-8478 _g(Jun 2013), v. 43(6) p. 1102-1106 _wBR2013008601 |
|
| 909 |
_a202311 _bLúcia _c55 _dLúcia Elande |
||
| 942 |
_2AGRIS _n0 _cANA |
||
| 999 |
_c232348 _d232348 |
||